000 00591nam a2200205Ia 4500
003 GCL
008 140319s9999 xx 000 0 ara d
040 _aGCL /
_cGCL
082 0 4 _a923.243
_bه ك
100 1 _aلويس الحاج
245 1 0 _aكفاحى /
_cلويس الحاج
700 1 _aهتلر, ادولف
300 _a384 ص
490 _aالهيئة العامة للاستعلامات
_v0
650 0 4 _aالتراجم
650 0 4 _aهتلر
650 0 4 _aالمانيا - تراجم
650 0 4 _aالمانيا - تاريخ - العصرالحديث
942 _2ddc
_cBK
999 _c49171
_d49171